000 00683nam a2200205 a 4500
001 000045512
005 20201002052306.0
008 150413s2005 dr a 000 0 spa d
020 _z0965874343
040 _aDO-SdBNP
_bspa
_cBNPHU
082 _axxxx
_bxxxx
100 1 _aAragonés, Tony
_973563
245 1 0 _aAroma de amor /
_cTony Aragonés ; edición al cuidado de Alejandro Santana.
260 _aSanto Domingo :
_bArgos,
_c2005.
300 _a113 p. :
_bil. ;
_c22 cm.
490 1 _aAroma de mujer
_v1
500 _aIncluye datos biográficos del autor en la solapa de la cubierta.
700 1 2 _aSantana, Alejandro Santana,
_eed.
_973564
830 0 _aAroma de mujer ;
_n1
_973565
999 _c45001
_d45001